Hauptstädte versteckt in einem Telefonat - Statistiken

Allgemein
  • Dieses Quiz wurde 5.419 mal gespielt
    1.769 seit der letzten Aktualisierung
  • Das Durchschnittsergebnis liegt bei 10 aus 32
Antwortstatistiken
Antwort % Korrekt
Kairo
82%
Paris
61%
Berlin
56%
Moskau
43%
Rom
42%
Wien
42%
Tokio
39%
Oslo
36%
Athen
35%
Bern
35%
Lomé
34%
Peking
34%
Luanda
31%
Minsk
28%
Nassau
28%
Rabat
26%
Riga
26%
Beirut
25%
Bissau
25%
Baku
24%
Maskat
24%
Algier
23%
Doha
23%
Kingston
23%
Teheran
20%
Astana
19%
Manama
19%
Malé
18%
Maseru
15%
Roseau
15%
Asmara
14%
Ngerulmud
10%
Keine übereinstimmenden Quizze gefunden
Verteilung der Resultate
Anzahl Personen mit jedem Resultat
Perzentil nach korrekt beantworteten Fragen
Ihre Resultats-Entwicklung
Sie haben dieses Quiz seit der letzten Aktualisierung nicht gespielt